[Event "ch-Pol u20 Women"]
[Site "Brzeg Dolny POL"]
[Date "2001.02.12"]
[Round "6"]
[White "Kadziolka,B"]
[Black "Andrzejewska,E"]
[Result "1/2-1/2"]
[WhiteElo "2169"]
[BlackElo "2244"]

1.Nf3 Nf6 2.c4 g6 3.Nc3 Bg7 4.e4 d6 5.d4 O-O 6.Be2 e5 7.O-O Nc6 8.d5 Ne7
9.Ne1 Ne8 10.Be3 f5 11.f3 Kh8 12.c5 fxe4 13.fxe4 Rxf1+ 14.Bxf1 c6 15.Bc4 cxd5
16.Nxd5 Nc6 17.Rc1 dxc5 18.Bxc5 Be6 19.Nf3 Bh6 20.Rc3  1/2-1/2

[Event "FSIMA February"]
[Site "Budapest HUN"]
[Date "2001.02.13"]
[Round "10"]
[White "Xu Hanbing"]
[Black "Erdelyi,Z"]
[Result "1-0"]
[WhiteElo "2218"]
[BlackElo "2244"]

1.d4 Nf6 2.c4 g6 3.Nc3 Bg7 4.e4 d6 5.Nf3 O-O 6.Be2 e5 7.O-O Nc6 8.d5 Ne7
9.Ne1 Nd7 10.f3 f5 11.Be3 f4 12.Bf2 g5 13.Nb5 b6 14.b4 a6 15.Nc3 Ng6 16.Nd3 Nf6
17.c5 h5 18.Rc1 g4 19.cxb6 cxb6 20.b5 g3 21.hxg3 fxg3 22.Bxg3 h4 23.Bf2 Nh5
24.Na4 Qg5 25.Kh2 Ngf4 26.Nxf4 Qxf4+ 27.Kg1 Qg5 28.Kh2 Qf4+ 29.Kg1 Qg5 30.Kh2 Rf6
31.Rxc8+ Rxc8 32.Nxb6 Rg6 33.Rg1 Nf4 34.Nxc8 Qg3+ 35.Kh1 Qxf2 36.Ne7+ Kf7
37.Nxg6 Nxe2 38.Qe1 Ng3+ 39.Kh2 Qxa2 40.Nxh4 Ne2 41.Nf5 Nxg1 42.Qxg1 axb5
43.Qb6  1-0

[Event "12th Goodricke Open"]
[Site "Calcutta IND"]
[Date "2001.02.13"]
[Round "8"]
[White "Prakash,G"]
[Black "Singh,G"]
[Result "1-0"]
[WhiteElo "2453"]
[BlackElo "2284"]

1.d4 Nf6 2.c4 g6 3.Nc3 Bg7 4.e4 d6 5.Nf3 O-O 6.Be2 e5 7.O-O Nc6 8.d5 Ne7
9.b4 c6 10.a4 a5 11.bxa5 Qxa5 12.Bd2 c5 13.Qb3 Ne8 14.Rfb1 Ra6 15.Qb5 Qd8
16.a5 f5 17.Ng5 Nc7 18.Qb3 h6 19.Nf3 fxe4 20.Nxe4 Nf5 21.Bd3 Ne8 22.Qc2 Nf6
23.Ra3 Nxe4 24.Bxe4 g5 25.h3 Nd4 26.Nxd4 exd4 27.Rf3 b6 28.Rxf8+ Kxf8 29.Bf5 Bxf5
30.Qxf5+ Kg8 31.Qg6 bxa5 32.Rb7 Qf8 33.h4 Ra8 34.hxg5 h5 35.f4 Rb8 36.Rxb8 Qxb8
37.Bxa5 Qb3 38.Qe8+ Kh7 39.Qxh5+ Kg8 40.Qe8+ Kh7 41.Qe4+ Kg8 42.Qe6+ Kh7
43.Qh3+ Qxh3 44.gxh3 Kg6 45.Kf2 Kf5 46.Kf3 d3 47.h4 Bb2 48.Bd2  1-0

[Event "Masters"]
[Site "Bunratty IRL"]
[Date "2001.02.16"]
[Round "1"]
[White "Ryan,J"]
[Black "O'Rourke,R"]
[Result "1-0"]
[WhiteElo "2293"]
[BlackElo "2071"]

1.d4 Nf6 2.Nf3 g6 3.c4 Bg7 4.Nc3 O-O 5.e4 d6 6.Be2 e5 7.O-O Nc6 8.d5 Ne7
9.b4 h6 10.c5 Nh5 11.Re1 Nf4 12.Bf1 g5 13.Nd2 Neg6 14.Nc4 a6 15.a4 h5 16.Ba3 Qf6
17.cxd6 cxd6 18.b5 Rd8 19.Rc1 g4 20.Nb6 Nh4 21.Re3 Rb8 22.g3 Bh6 23.gxh4 Nh3+
24.Bxh3 Bxe3 25.fxe3 gxh3 26.Qxh5 Qg7+ 27.Qg5 f6 28.Qxg7+ Kxg7 29.Ne2 Bg4
30.Ng3 axb5 31.axb5 Kg6 32.Rc7 f5 33.exf5+ Bxf5 34.h5+ Kg5 35.e4 Bg4 36.Rg7+ Kh4
37.Bc1  1-0

[Event "Open"]
[Site "Cappelle la Grande FRA"]
[Date "2001.03.01"]
[Round "7"]
[White "Savchenko,S"]
[Black "Volokitin,A"]
[Result "1-0"]
[WhiteElo "2519"]
[BlackElo "2469"]

1.d4 Nf6 2.c4 g6 3.Nc3 Bg7 4.e4 d6 5.Nf3 O-O 6.Be2 e5 7.O-O Nc6 8.d5 Ne7
9.b4 Nh5 10.Re1 f5 11.Ng5 Nf6 12.f3 c6 13.Be3 Bh6 14.h4 cxd5 15.cxd5 Nh5
16.Rc1 Ng3 17.Qd2 Bd7 18.Bb5 Bxb5 19.Nxb5 fxe4 20.fxe4 Qd7 21.Nc7 Rac8 22.Nce6 Rxc1
23.Rxc1 Rf6 24.Qd3 Qe8 25.Kh2 Nh5 26.Rc7 Ng7 27.Rxb7 Nxe6 28.Nxe6 Bxe3 29.Qxe3  1-0

[Event "FSIMB March"]
[Site "Budapest HUN"]
[Date "2001.03.05"]
[Round "2"]
[White "Nezar,M"]
[Black "Gladyszev,O"]
[Result "0-1"]
[WhiteElo "2292"]
[BlackElo "2345"]

1.d4 Nf6 2.c4 g6 3.Nc3 Bg7 4.e4 d6 5.Be2 O-O 6.Nf3 e5 7.O-O Nc6 8.d5 Ne7
9.Ne1 Nd7 10.Be3 f5 11.f3 f4 12.Bf2 g5 13.a4 Ng6 14.a5 Kh8 15.Nd3 Rg8 16.c5 Nf6
17.c6 bxc6 18.dxc6 h5 19.h3 Bh6 20.Nb4 g4 21.hxg4 Bg5 22.Ncd5 Rg7 23.Nxf6 Qxf6
24.Nd5 Qf8 25.g3 fxg3 26.Bxg3 Bf4 27.Kg2 Bxg3 28.Kxg3 Nf4 29.Qd2 Rh7 30.Rh1 Bxg4
31.fxg4 h4+ 32.Kh2 Nxd5 33.Rhf1 Nf4 34.Ba6 Rb8 35.Bb7 Qg8 36.Rg1 Rg7 37.Qd1 Qe6
38.Qf3 Rbg8 39.g5 Rxg5 40.Rxg5 Rxg5 41.Rg1 Rg3 42.Rxg3 hxg3+ 43.Kxg3 Qh3+
44.Kf2 Nd3+ 45.Ke3 Qxf3+ 46.Kxf3 Nxb2 47.Kg4 Kg7 48.Kf5 Kf7 49.Ba6 Nd1 50.Bc4+ Ke7
51.Bd5 Ne3+ 52.Kg5 Nxd5 53.exd5 Ke8 54.Kf5 a6 55.Kg4 Kf8 56.Kh5 Kf7 57.Kg5 Kg7
58.Kf5 Kf7 59.Kg5 e4 60.Kf4 Kf6  0-1

[Event "FSIMA March"]
[Site "Budapest HUN"]
[Date "2001.03.05"]
[Round "2"]
[White "Farago,S"]
[Black "Hajnal,Z"]
[Result "1/2-1/2"]
[WhiteElo "2285"]
[BlackElo "2349"]

1.c4 Nf6 2.d4 g6 3.Nc3 Bg7 4.e4 d6 5.Nf3 O-O 6.Be2 e5 7.O-O Nc6 8.dxe5 Nxe5
9.Nxe5 dxe5 10.Qxd8 Rxd8 11.Bg5  1/2-1/2

[Event "Victor Ciocaltea Mem"]
[Site "Bucharest ROM"]
[Date "2001.03.06"]
[Round "3"]
[White "Navrotescu,C"]
[Black "Fressinet,L"]
[Result "0-1"]
[WhiteElo "2451"]
[BlackElo "2581"]

1.d4 Nf6 2.c4 g6 3.Nc3 Bg7 4.e4 d6 5.Nf3 O-O 6.Be2 e5 7.O-O Nc6 8.d5 Ne7
9.Ne1 Nd7 10.Nd3 f5 11.Bd2 Kh8 12.Rc1 Nf6 13.f3 c5 14.dxc6 Nxc6 15.Be3 Nd4
16.Nb4 Qb6 17.Nc2 Nh5 18.Nxd4 exd4 19.Na4 Qd8 20.Bxd4 Nf4 21.Bxg7+ Kxg7 22.Qd4+ Kg8
23.Nc3 fxe4 24.fxe4 Qg5 25.Bf3 Bh3 26.Rc2 Rf7 27.Re1 Raf8 28.Kh1 Qh4 29.Rg1 Be6
30.Nd5 Nh3 31.gxh3 Rxf3 32.Rcg2 Rf1 33.Rg3 Bxh3 34.Ne7+ Qxe7 35.Rxh3 Rxg1+
36.Kxg1 Qg5+  0-1

[Event "1st Masters"]
[Site "Pinamar ARG"]
[Date "2001.03.12"]
[Round "5"]
[White "Ricardi,P"]
[Black "Roselli Mailhe,B"]
[Result "0-1"]
[WhiteElo "2554"]
[BlackElo "2400"]

1.d4 Nf6 2.c4 g6 3.Nc3 Bg7 4.e4 d6 5.Nf3 O-O 6.Be2 e5 7.O-O Nc6 8.d5 Ne7
9.b4 Ne8 10.c5 f5 11.Ba3 Nf6 12.Nd2 Bh6 13.Bf3 Bxd2 14.Qxd2 f4 15.Rac1 g5
16.Be2 g4 17.g3 Ng6 18.Qc2 Ne8 19.Bb5 Ng7 20.Bd3 Nh4 21.gxh4 f3 22.Kh1 Qxh4
23.Rg1 Rf6 24.Rg3 Rh6 25.h3 Nh5 26.Bf1 Nxg3+ 27.fxg3 Qxg3 28.Qd2 f2 29.Qg5+ Kf7  0-1

[Event "Open"]
[Site "Kazimierz Dolny POL"]
[Date "2001.03.14"]
[Round "5"]
[White "Zontakh,A"]
[Black "Slaby,J"]
[Result "1-0"]
[WhiteElo "2529"]
[BlackElo "2163"]

1.d4 Nf6 2.c4 g6 3.Nc3 Bg7 4.e4 d6 5.Nf3 O-O 6.Be2 e5 7.O-O Nc6 8.d5 Ne7
9.b4 c6 10.a4 a5 11.bxa5 Qxa5 12.Bb2 Ne8 13.Nd2 c5 14.Nb5 f5 15.f4 fxe4 16.fxe5 Rxf1+
17.Bxf1 dxe5 18.Nxe4 Nf5 19.Kh1 Qb6 20.Qe1 Nd4 21.Bxd4 cxd4 22.c5 Qa5 23.Qxa5 Rxa5
24.d6 Nf6 25.Bc4+ Kh8 26.Ng5 e4 27.c6 bxc6 28.Nf7+ Kg8 29.Ne5+ Kh8 30.Nxc6 Rxb5
31.axb5 Ne8 32.Ra8 Nxd6 33.b6 d3 34.Rxc8+  1-0

[Event "Tch-AUT 2000-01"]
[Site "Fuerstenfeld AUT"]
[Date "2001.03.16"]
[Round "9"]
[White "Stanec,N"]
[Black "Nataf,IA"]
[Result "0-1"]
[WhiteElo "2513"]
[BlackElo "2552"]

1.d4 Nf6 2.c4 g6 3.Nc3 Bg7 4.e4 d6 5.Be2 O-O 6.Nf3 e5 7.O-O Nc6 8.d5 Ne7
9.Bg5 Nh5 10.Ne1 Nf4 11.Nd3 Nxe2+ 12.Qxe2 h6 13.Bd2 f5 14.f4 exf4 15.Nxf4 g5
16.Nh5 Bd4+ 17.Kh1 f4 18.g3 fxg3 19.Rxf8+ Qxf8 20.Rf1 Qd8 21.hxg3 Bh3 22.Rf6 Qd7
23.e5 Bxe5 24.Rxh6 Qf5 25.Qe4 Bxc3  0-1

[Event "Open"]
[Site "Bad Woerishofen GER"]
[Date "2001.03.17"]
[Round "3"]
[White "Epishin,V"]
[Black "Fuchs,Hei"]
[Result "1-0"]
[WhiteElo "2578"]
[BlackElo "2328"]

1.d4 Nf6 2.c4 g6 3.Nc3 Bg7 4.e4 d6 5.Nf3 O-O 6.Be2 e5 7.O-O Nc6 8.d5 Ne7
9.b4 Nh5 10.Qc2 Nf4 11.Bxf4 exf4 12.Rad1 h6 13.Nd4 g5 14.Bh5 Kh8 15.c5 Ng8
16.Be2 Be5 17.Nf3 Bg7 18.h3 h5 19.Nh2 Nf6 20.e5 dxe5 21.d6 Be6 22.Rfe1 g4
23.Bf1 Nd7 24.dxc7 Qxc7 25.Rd6 a5 26.a3 axb4 27.axb4 Qd8 28.Bb5 gxh3 29.Nf3 Rg8
30.Red1 Bf6 31.Rxe6 Rxg2+ 32.Kf1 fxe6 33.Rxd7 Qg8 34.Ne4 Qg6 35.Bd3 h2 36.Nxh2 Rxh2
37.Ke2 Qg4+ 38.Kd2 Bg7 39.Kc3 Qf3 40.Kc4 Rh1 41.Ng5 Qc6 42.Rd6 Qg2 43.Nxe6 f3
44.Kb5 e4 45.Bc4 e3 46.Nd8  1-0

[Event "Czech Extra League 2000-1"]
[Site "CZE"]
[Date "2001.03.17"]
[Round "8"]
[White "Obsivac,J"]
[Black "Folk,P"]
[Result "1-0"]
[WhiteElo "2330"]
[BlackElo "2271"]

1.d4 Nf6 2.c4 g6 3.Nc3 Bg7 4.e4 d6 5.Nf3 O-O 6.Be2 e5 7.O-O Nc6 8.d5 Ne7
9.b4 Nh5 10.Re1 a5 11.bxa5 Rxa5 12.a4 Nf4 13.Bf1 c5 14.Ra3 h6 15.Nb5 g5 16.Kh1 Ra6
17.g3 Nfg6 18.Nd2 g4 19.Be2 h5 20.f3 Qd7 21.Rf1 h4 22.fxg4 Bh6 23.Rf2 hxg3
24.hxg3 Kg7 25.Nf1 Bxc1 26.Qxc1 Rh8+ 27.Kg1 Ng8 28.Raf3 Nh6 29.Ne3 Qe7 30.g5 Qxg5
31.Nf5+ Kf6 32.Nxh6+ Nf4 33.Rxf4+ exf4 34.Qxf4+ Qxf4 35.Rxf4+ Kg7 36.Nxf7 Rh3
37.Nfxd6 Rxa4 38.Nxc8  1-0

[Event "Tch-AUT 2000-01"]
[Site "Fuerstenfeld AUT"]
[Date "2001.03.17"]
[Round "10"]
[White "Ganaus,H"]
[Black "Beckhuis,G"]
[Result "0-1"]
[WhiteElo "2382"]
[BlackElo "2320"]

1.d4 Nf6 2.c4 g6 3.Nc3 Bg7 4.e4 d6 5.Nf3 O-O 6.Be2 e5 7.O-O Nc6 8.d5 Ne7
9.a4 a5 10.Ra3 Kh8 11.Ne1 Nd7 12.Nd3 Ng8 13.Be3 Bh6 14.Qd2 Bxe3 15.Qxe3 b6
16.f4 exf4 17.Rxf4 Qe7 18.Nb5 Nc5 19.Qd4+ f6 20.Nf2 Ba6 21.Rh3 Nxa4 22.Rfh4 Rf7
23.Rg3 Rg7 24.Ng4 Re8 25.Bf3 Bc8 26.Na7 Bxg4 27.Nc6 Qf8 28.Rhxg4 Ne7 29.h4 Nxc6
30.dxc6 Re5 31.Rf4 Nc5 32.Qc3 Ne6 33.Rfg4 Qe8 34.h5 g5 35.h6 Rg6 36.Rh3 Qxc6  0-1

[Event "17th Spring Festival"]
[Site "Budapest HUN"]
[Date "2001.03.18"]
[Round "3"]
[White "Fordan,T"]
[Black "Rajlich,V"]
[Result "0-1"]
[WhiteElo "2286"]
[BlackElo "2364"]

1.d4 Nf6 2.c4 g6 3.Nc3 Bg7 4.e4 d6 5.Nf3 O-O 6.Be2 e5 7.O-O Nc6 8.d5 Ne7
9.Nd2 a5 10.a3 Nd7 11.Rb1 f5 12.b4 Kh8 13.Qc2 Nf6 14.f3 axb4 15.axb4 c6 16.dxc6 Nxc6
17.Nb5 Nh5 18.Rd1 Nf4 19.Nf1 fxe4 20.fxe4 Qb6+ 21.Be3 Nd4 22.Nxd4 exd4 23.Bf2 Ra3
24.Bd3 Bg4 25.Rd2 Rc3 26.Qxc3 dxc3 27.Bxb6 cxd2 28.Bc2 Ne2+ 29.Kh1 Nc3 30.Nxd2 Nxb1
31.Bxb1 Bc3 32.Nf3 Bxf3 33.gxf3 Rxf3 34.Kg2 Rf4 35.Be3 Rg4+ 36.Kf3 Rh4 37.b5 Rxh2
38.c5 dxc5 39.Bxc5 Be5 40.Bd3 Rh3+ 41.Ke2 h5 42.Be7 Bf4 43.Bc2 Kh7 44.Bd8 Re3+
45.Kf2 Rc3  0-1

[Event "Czech Extra League 2000-1"]
[Site "CZE"]
[Date "2001.03.18"]
[Round "9"]
[White "Kalod,R"]
[Black "Lanka,Z"]
[Result "1-0"]
[WhiteElo "2490"]
[BlackElo "2507"]

1.Nf3 Nf6 2.c4 g6 3.Nc3 Bg7 4.e4 d6 5.d4 O-O 6.Be2 e5 7.O-O Nc6 8.d5 Ne7
9.b4 a5 10.bxa5 c5 11.a4 Rxa5 12.Ra3 Kh8 13.Re1 Neg8 14.Qc2 Ne8 15.Nb5 Ra6
16.Bf1 f6 17.g3 Nh6 18.Bg2 Bd7 19.Bd2 Qc8 20.Nc3 Nf7 21.Rb1 f5 22.Rab3 Nd8
23.Bg5 Nf6 24.Rb6 Nxe4 25.Nxe4 fxe4 26.Nd2 Bxa4 27.Qb2 Rxb6 28.Qxb6 Nf7 29.Be3 Bc2
30.Rb2 Bd3 31.h3 Qf5 32.Qxb7 Kg8 33.Qe7 Bf6 34.Qe6 Qxe6 35.dxe6 Ng5 36.Bxg5 Bxg5
37.Bxe4 Bxd2 38.Bxd3 Bb4 39.Be4 Re8 40.Bc6 Re7 41.Bd7 Kg7 42.Rb3 Bd2 43.Rd3 Bc1
44.Kg2 Bb2 45.Kf3 Kf6 46.Rxd6 Bd4 47.Ke4 h5 48.Ra6 Bxf2 49.Ra3 Bd4 50.Rf3+ Kg7
51.Kd5 e4 52.Kxe4 h4 53.g4 g5 54.Kd5  1-0

[Event "Open"]
[Site "Bad Woerishofen GER"]
[Date "2001.03.19"]
[Round "5"]
[White "Goy,U"]
[Black "Grosser,Wa"]
[Result "1-0"]
[WhiteElo "2194"]
[BlackElo "2098"]

1.d4 Nf6 2.c4 g6 3.Nc3 Bg7 4.e4 d6 5.Nf3 O-O 6.Be2 e5 7.O-O Nc6 8.d5 Ne7
9.Kh1 Ne8 10.Ng1 f5 11.f4 fxe4 12.Nxe4 Nf5 13.fxe5 Bxe5 14.Nf3 Bg7 15.Bg5 Nf6
16.g4 Ne7 17.Nxf6+ Bxf6 18.Bxf6 Rxf6 19.Qd4 Rf8 20.Nd2 Rxf1+ 21.Rxf1 Qe8
22.Ne4  1-0

[Event "17th Spring Festival"]
[Site "Budapest HUN"]
[Date "2001.03.20"]
[Round "5"]
[White "Sinkovics,P"]
[Black "Zimmerman,Y"]
[Result "1-0"]
[WhiteElo "2317"]
[BlackElo "2386"]

1.d4 Nf6 2.Nf3 g6 3.c4 Bg7 4.Nc3 O-O 5.e4 d6 6.Be2 e5 7.O-O Nc6 8.d5 Ne7
9.b4 Nh5 10.Re1 a5 11.bxa5 Rxa5 12.Nd2 Nf4 13.Bf1 c5 14.Nb3 Ra6 15.a4 f5
16.Ra3 h6 17.g3 Nh5 18.Be2 Nf6 19.Bf3 g5 20.exf5 Nxf5 21.Bd2 Nd4 22.Nxd4 exd4
23.Nb5 Nd7 24.Be2 Ne5 25.f4 gxf4 26.gxf4 Ng6 27.Rf1 Nh4 28.Bg4 Nf5 29.Kh1 Kh8
30.Re1 Bd7 31.Rh3 Re8 32.a5 Rxe1+ 33.Qxe1 Ne3 34.Bxd7 Qxd7 35.Rg3 Nxc4 36.Nc7 Nxd2
37.Ne6 Bf6 38.Rg6 Qh7 39.f5 Nf3 40.Qe4 Ng5 41.Nxg5 Qe7 42.Rxh6+ Kg8 43.Rg6+ Kf8
44.Rxf6+  1-0

[Event "ch-BUL Women"]
[Site "Plovdiv BUL"]
[Date "2001.03.20"]
[Round "1"]
[White "Genova,R"]
[Black "Georgieva,L"]
[Result "1-0"]
[WhiteElo "2198"]
[BlackElo "2144"]

1.d4 Nf6 2.Nf3 g6 3.c4 Bg7 4.Nc3 O-O 5.e4 d6 6.Be2 e5 7.O-O Nc6 8.d5 Ne7
9.b4 Nd7 10.a4 h6 11.a5 f5 12.Nd2 f4 13.Bg4 Nf6 14.Bxc8 Rxc8 15.c5 g5 16.f3 h5
17.Qb3 Rf7 18.Nc4 Ne8 19.Ba3 Ng6 20.c6 b6 21.Bb2 Rb8 22.axb6 axb6 23.Nb5 Bf8
24.Ra7 g4 25.Nd2 Rg7 26.Kh1 Qg5 27.Rg1 Rc8 28.Qd1 Be7 29.Qe2 Bd8 30.Rga1 Nh4
31.Ra8 Rxa8 32.Rxa8 Qe7 33.g3 gxf3 34.Qf2 fxg3 35.hxg3 Ng6 36.Nxf3 Rf7 37.Qg2 Qf6
38.Bc1 Qxf3 39.Qxf3 Rxf3 40.Rxd8 Kf7 41.Kg2 Rb3 42.Rd7+ Ne7 43.Bg5 Nf6 44.Rxc7 Rb2+
45.Kf1 Nxe4 46.Bxe7 Nxg3+ 47.Ke1 Kg6 48.Nxd6 Rxb4 49.Rc8 h4 50.Bxh4 Rxh4
51.Rg8+ Kf6 52.Rxg3 Rh7 53.c7  1-0

[Event "17th Spring Festival"]
[Site "Budapest HUN"]
[Date "2001.03.21"]
[Round "6"]
[White "Rajlich,V"]
[Black "Gladyszev,O"]
[Result "0-1"]
[WhiteElo "2364"]
[BlackElo "2345"]

1.d4 Nf6 2.c4 g6 3.Nc3 Bg7 4.e4 d6 5.Nf3 O-O 6.Be2 e5 7.O-O Nc6 8.d5 Ne7
9.b4 Nh5 10.Re1 a5 11.bxa5 c5 12.Nd2 Nf6 13.Nb3 Kh8 14.Bf1 Bd7 15.Nb5 Ne8
16.Bd2 Ng8 17.Bc3 Qe7 18.Nd2 Nh6 19.Rb1 f5 20.Rb3 f4 21.Be2 Rc8 22.Nf1 Nf6
23.f3 Nh5 24.Qc2 g5 25.h3 Rf6 26.Reb1 Nf7 27.Be1 Rg6 28.Bd1 Nf6 29.Nh2 h5
30.R1b2 Nh6 31.Na3 Bf8 32.Qb1 Rg7 33.Rb6 g4 34.fxg4 hxg4 35.hxg4 Nfxg4 36.Nxg4 Nxg4
37.Bxg4 Rxg4 38.Qd1 Rg6 39.Qe2 Qh7 40.Qf2 Rh6 41.Kf1 Bg4 42.Rxb7 Rh1+ 43.Qg1 Rxg1+
44.Kxg1 Qxe4 45.Bh4 Qe3+ 46.Kh2 Qxa3  0-1

[Event "17th Spring Festival"]
[Site "Budapest HUN"]
[Date "2001.03.22"]
[Round "7"]
[White "Szabolcsi,J"]
[Black "Gladyszev,O"]
[Result "1-0"]
[WhiteElo "2410"]
[BlackElo "2345"]

1.d4 Nf6 2.c4 g6 3.Nc3 Bg7 4.e4 d6 5.Be2 O-O 6.Nf3 e5 7.O-O Nc6 8.dxe5 dxe5
9.Qxd8 Rxd8 10.Bg5 Rd7 11.Bd1 Nh5 12.Ba4 h6 13.Be3 Nf4 14.Rfd1 Rxd1+ 15.Rxd1 Bg4
16.Nd5 Nxd5 17.cxd5 Nd4 18.Bxd4 exd4 19.Rd3 c5 20.Nd2 Be2 21.Rb3 Bd1 22.Ra3 Bxa4
23.Rxa4 d3 24.Rc4 Bd4 25.a4 b6 26.b3 f5 27.Kf1 Rd8 28.f3 fxe4 29.fxe4 Rf8+
30.Nf3 Rf4 31.Ke1 Rxe4+ 32.Kd2 Re2+ 33.Kxd3 Re3+ 34.Kd2 Rxb3 35.Nxd4 cxd4
36.Rxd4 Kf7 37.Re4 Rb2+ 38.Kc3 Rf2 39.h4 Rf5 40.Kd4 Rf2 41.g4 Ra2 42.Ke5 Ke7
43.d6+ Kd7 44.Kf6 Rh2 45.g5 hxg5 46.hxg5 Kxd6 47.Kxg6 a6 48.Kg7 Kd5 49.Rg4 Ke5
50.g6 b5 51.axb5 axb5 52.Rb4 Ra2 53.Rxb5+ Ke6 54.Rb7 Ra8 55.Rf7 Rb8 56.Rf1 Ra8
57.Kh7 Ra2 58.g7 Rh2+ 59.Kg8 Ra2 60.Rh1 Kf6 61.Kh8  1-0

[Event "Open"]
[Site "Bad Woerishofen GER"]
[Date "2001.03.23"]
[Round "9"]
[White "Epishin,V"]
[Black "Roeder,M"]
[Result "1/2-1/2"]
[WhiteElo "2578"]
[BlackElo "2456"]

1.d4 Nf6 2.c4 g6 3.Nc3 Bg7 4.e4 d6 5.Nf3 O-O 6.Be2 e5 7.O-O Nc6 8.d5 Ne7
9.b4 c6 10.Be3 a5 11.a3 Ng4 12.Bg5 cxd5 13.Bxe7 Qxe7 14.Qxd5 Be6 15.Qb5 axb4
16.axb4 f5 17.Nd5 Bxd5 18.Qxd5+ Kh8 19.Rxa8 Rxa8 20.Rd1 Ra2 21.Qxd6 Qxd6
22.Rxd6 Bf8 23.Rd2 Rxd2 24.Nxd2 Bxb4 25.Nb3 Nf6 26.exf5 gxf5 27.f3 Nd7 28.Kf2 Nc5
29.Na1 Bc3 30.Nc2 Kg7 31.g3 Kf6 32.Ke3 Ba5 33.f4 exf4+ 34.Kxf4 Ne6+ 35.Kf3 Bb6
36.Bf1 Nd4+ 37.Nxd4  1/2-1/2

[Event "17th Spring Festival"]
[Site "Budapest HUN"]
[Date "2001.03.23"]
[Round "8"]
[White "Rajlich,V"]
[Black "Erdelyi,Z"]
[Result "0-1"]
[WhiteElo "2364"]
[BlackElo "2244"]

1.d4 Nf6 2.c4 g6 3.Nc3 Bg7 4.e4 d6 5.Be2 O-O 6.Nf3 e5 7.O-O Nc6 8.d5 Ne7
9.b4 c6 10.Ne1 a5 11.bxa5 Rxa5 12.a4 Ne8 13.Ba3 c5 14.Bb2 f5 15.Nd3 Nf6 16.f3 Bh6
17.Bc1 Bxc1 18.Nxc1 f4 19.Nb3 Ra6 20.a5 g5 21.Na4 h5 22.Nb6 Rf7 23.Kh1 Rg7
24.Nd2 g4 25.Nxc8 Qxc8 26.Qc2 Ng6 27.Rfb1 Nh4 28.Bf1 Qe8 29.Rb6 Qg6 30.Rxa6 bxa6
31.Qb3 gxf3 32.Nxf3 Nxg2 33.Qb8+ Kh7 34.Qxd6 Nh4 35.Bh3 Qxe4 36.Rf1 Nxf3
37.Bg2 Rxg2 38.Kxg2 Nh4+ 39.Kh3 Qg2+  0-1

[Event "17th Spring Festival"]
[Site "Budapest HUN"]
[Date "2001.03.24"]
[Round "9"]
[White "Sinkovics,P"]
[Black "Gladyszev,O"]
[Result "0-1"]
[WhiteElo "2317"]
[BlackElo "2345"]

1.d4 Nf6 2.Nf3 g6 3.c4 Bg7 4.Nc3 O-O 5.e4 d6 6.Be2 e5 7.O-O Nc6 8.d5 Ne7
9.Nd2 a5 10.a3 Bd7 11.b3 c6 12.Bb2 c5 13.Nb5 Ne8 14.Re1 Bh6 15.Nf1 f5 16.f3 Nc8
17.Bd3 Nf6 18.exf5 gxf5 19.Ng3 Ne8 20.Qc2 Qf6 21.Re2 Ne7 22.f4 Bxf4 23.Rf1 Ng6
24.Nxf5 Bxf5 25.Bxf5 Qxf5 26.Qxf5 Rxf5 27.g3 Rg5 28.Kf2 Rh5 29.gxf4 Rxh2+
30.Ke1 Rxe2+ 31.Kxe2 Nxf4+ 32.Kd2 Ng6 33.Ke3 Rd8 34.Bc3 b6 35.b4 axb4 36.axb4 Ra8
37.bxc5 bxc5 38.Ke4 Ra4 39.Kf5 Ng7+ 40.Kf6 Rxc4 41.Bd2 Ra4 42.Bh6 Ne8+ 43.Ke6 Ra5
44.Rb1 Rxb5  0-1

[Event "56th ch-YUG"]
[Site "Herceg Novi YUG"]
[Date "2001.03.25"]
[Round "3"]
[White "Ostojic,N"]
[Black "Djukic,Ni"]
[Result "1/2-1/2"]
[WhiteElo "2451"]
[BlackElo "2389"]

1.d4 Nf6 2.c4 g6 3.Nc3 Bg7 4.e4 d6 5.Nf3 O-O 6.Be2 e5 7.O-O Nc6 8.d5 Ne7
9.b4 a5 10.Ba3 b6 11.bxa5 Rxa5 12.Bb4 Ra8 13.a4 Re8 14.Re1 Bf8 15.Bf1 c5
16.dxc6 Nxc6 17.Ba3 Bg4 18.h3 Bxf3 19.Qxf3 Nd4 20.Qd1 Nd7 21.Bb2 Nc5 22.Nd5 Bg7
23.Ra3 Ra6 24.Nb4 Ra8 25.Nd5 Ra6 26.Nb4 Ra8  1/2-1/2

[Event "Tch-NED"]
[Site "NED"]
[Date "2001.03.25"]
[Round "8"]
[White "Peelen,P"]
[Black "Roobol,M"]
[Result "1/2-1/2"]
[WhiteElo "2353"]
[BlackElo "2258"]

1.d4 g6 2.c4 Bg7 3.Nc3 d6 4.e4 Nf6 5.Be2 O-O 6.Nf3 e5 7.O-O Nc6 8.d5 Ne7
9.b4 c6 10.dxc6 bxc6 11.Ba3 Bb7 12.Qc2 d5 13.Nd2 dxe4 14.Ncxe4 Nxe4 15.Nxe4 Nf5
16.Bb2 Bc8 17.Rad1 Nd4 18.Bxd4 exd4 19.Rfe1 Bf5 20.Bd3 a5 21.a3 axb4 22.axb4 Qb6
23.Rb1 Ra3 24.Rb3 Rfa8 25.c5 Ra1 26.Rbb1 Rxb1 27.Qxb1 Qd8 28.Qb3 Be6 29.Bc4 Bxc4
30.Qxc4 Qd7 31.g3 Rb8 32.Kf1 Qd5 33.Qxd5 cxd5 34.Nd6 Bf8 35.b5 Bxd6 36.cxd6 Kf8
37.Re5 Rxb5 38.d7 Rb8 39.Rxd5 Ke7 40.Ke2 Rd8 41.Rxd4 Rxd7  1/2-1/2

[Event "Open"]
[Site "Bled SLO"]
[Date "2001.03.28"]
[Round "5"]
[White "Orel,S"]
[Black "Gombac,Jan"]
[Result "0-1"]
[WhiteElo "2025"]
[BlackElo "2206"]

1.d4 Nf6 2.c4 g6 3.Nc3 Bg7 4.e4 d6 5.Nf3 O-O 6.Be2 e5 7.O-O Nc6 8.d5 Ne7
9.b4 a5 10.Ba3 axb4 11.Bxb4 Nd7 12.Nd2 f5 13.f3 Bh6 14.Nb3 Be3+ 15.Kh1 Kh8
16.Qc2 Nc5 17.Nd1 Nxb3 18.Qxb3 Bd4 19.Bc3 c5 20.Bxd4 exd4 21.Nf2 Ng8 22.Bd3 Nf6
23.a4 Nh5 24.Rfe1 fxe4 25.Nxe4 Nf4 26.Bf1 g5 27.Nf2 Ng6 28.Qd1 Ne5 29.Ne4 b6
30.Qe2 Ng6 31.Qd2 g4 32.fxg4 Bxg4 33.Qg5 Bf5 34.Qxd8 Raxd8 35.Ng3 Bc2 36.Re2 d3
37.Rd2 Ne5 38.a5 bxa5 39.Kg1 Nxc4 40.Rxc2 dxc2 41.Bxc4 Rb8 42.Rc1 Rb1 43.Ne2 Re8
44.Rf1 Rxf1+ 45.Kxf1 Rxe2  0-1

[Event "Wotulo Mem"]
[Site "Jakarta INA"]
[Date "2001.03.28"]
[Round "7"]
[White "Sharavdorj,D"]
[Black "Praytino,S"]
[Result "1-0"]
[WhiteElo "2441"]
[BlackElo "2391"]

1.Nf3 Nf6 2.c4 g6 3.Nc3 Bg7 4.e4 d6 5.d4 O-O 6.Be2 e5 7.O-O Nc6 8.d5 Ne7
9.Nd2 a5 10.a3 Bd7 11.b3 c6 12.Bb2 Bh6 13.Re1 Nc8 14.Bf1 Ng4 15.Nf3 Nxf2
16.Qe2 Ng4 17.h3 Nf6 18.dxc6 bxc6 19.c5 Bf4 20.Qf2 Nh5 21.Ne2 Bh6 22.cxd6 Nxd6
23.Nxe5 Bg7 24.Rad1 Be6 25.Nxc6 Qc7 26.Bxg7 Nxg7 27.Qc5 Nc8 28.Ned4 Re8 29.Nb5 Qf4
30.Qe3 Qxe3+ 31.Rxe3 Ne7 32.Nxe7+ Rxe7 33.Red3 Nh5 34.Rd8+ Rxd8 35.Rxd8+ Kg7
36.Nd4 a4 37.bxa4 Ra7 38.Bb5 Nf6 39.e5 Nd5 40.Nxe6+ fxe6 41.Rd7+ Rxd7 42.Bxd7 Kf8
43.a5 Nc7 44.Bc8 Ke7 45.a4 Kd8 46.Bb7 Ne8 47.a6 Kc7 48.Kf2 Kb6 49.Ke3 Nc7
50.Kd4 g5 51.Kc4 h5 52.g4 h4 53.a5+  1-0

[Event "ch-BUL Women"]
[Site "Plovdiv BUL"]
[Date "2001.03.29"]
[Round "10"]
[White "Ilieva,H"]
[Black "Georgieva,L"]
[Result "0-1"]
[WhiteElo "2190"]
[BlackElo "2144"]

1.d4 Nf6 2.Nf3 g6 3.c4 Bg7 4.Nc3 O-O 5.e4 d6 6.Be2 e5 7.O-O Nc6 8.d5 Ne7
9.b4 Nh5 10.Re1 f5 11.Ng5 Nf4 12.Bxf4 exf4 13.Rc1 fxe4 14.Ngxe4 Nf5 15.Bg4 Nd4
16.Bxc8 Rxc8 17.Nb5 Nxb5 18.cxb5 f3 19.Qd3 Qh4 20.g3 Qh3 21.Qf1 Qf5 22.Qc4 Rce8
23.Rcd1 Bh6 24.Qd3 Re5 25.Qc4 Rfe8 26.Rd4 Bd2 27.Rxd2 Rxe4 28.Rxe4 Rxe4 29.Qf1 Rxb4
30.Rd1 Qc2 31.Re1 Rb2 32.Rc1 Qe2 33.a4 Rd2 34.Re1 Qxf1+ 35.Kxf1 Rxd5 36.Rc1 Rc5
37.Ra1 Kf7 38.Ke1 Re5+ 39.Kd1 Re2 40.Rc1 c5 41.bxc6 bxc6 42.Rxc6 Rxf2 43.Rxd6 Rxh2
44.Ke1 Ra2 45.Rd7+ Ke6 46.Rxa7 h5 47.a5 Kf5 48.a6 Kg4 49.Ra8 Kxg3  0-1

[Event "56th ch-YUG"]
[Site "Herceg Novi YUG"]
[Date "2001.04.01"]
[Round "9"]
[White "Antic,D"]
[Black "Djukic,Ni"]
[Result "0-1"]
[WhiteElo "2481"]
[BlackElo "2389"]

1.d4 Nf6 2.Nf3 g6 3.c4 Bg7 4.Nc3 O-O 5.e4 d6 6.Be2 e5 7.O-O Nc6 8.d5 Ne7
9.b4 a5 10.bxa5 c5 11.a4 Ne8 12.Ra3 Rxa5 13.Nb5 Ra6 14.Bb2 Bh6 15.Nh4 f5
16.exf5 Nxf5 17.Nxf5 Bxf5 18.Bg4 Ng7 19.g3 Qd7 20.Bxf5 Nxf5 21.Qg4 Qf7 22.Qe4 Rfa8
23.Rfa1 Qd7 24.h4 Rf8 25.Rf3 Raa8 26.a5 Bd2 27.Rfa3 Ra6 28.Qe2 Bb4 29.R3a2 Nd4
30.Bxd4 cxd4 31.h5 Bc5 32.hxg6 hxg6 33.Qe4 Kg7 34.Kg2 Rh8 35.Rh1 Rxh1 36.Kxh1 b6
37.Kg2 Rxa5 38.Rb2 Ra8 39.f4 Rh8 40.fxe5 Qh3+ 41.Kf2 Rf8+  0-1

[Event "Dos Hermanas Internet KO"]
[Site "ICC INT"]
[Date "2001.04.06"]
[Round "1.1"]
[White "Soppe,G"]
[Black "Shchekachev,A"]
[Result "1-0"]
[WhiteElo "2474"]
[BlackElo "2537"]

1.d4 Nf6 2.c4 g6 3.Nc3 Bg7 4.e4 d6 5.Nf3 O-O 6.Be2 e5 7.O-O Nc6 8.d5 Ne7
9.b4 c6 10.Rb1 cxd5 11.cxd5 Nh5 12.Re1 f5 13.Ng5 Nf6 14.Bf3 h6 15.Ne6 Bxe6
16.dxe6 fxe4 17.Nxe4 Nxe4 18.Bxe4 d5 19.Bc2 e4 20.Bb3 Rf5 21.Bb2 Qb6 22.Qe2 Raf8
23.Rf1 Bxb2 24.Rxb2 Kg7 25.Rc2 R8f6 26.Rc5 Qxb4 27.Rb5 Qd4 28.Rxb7 Rxe6 29.Rd1 Qc5
30.Qb2+ Ref6 31.Rc1 Qd6 32.Rcc7 Re5 33.Qd4 Rf7 34.Rxa7 Qf6 35.h3 e3 36.fxe3 Qf2+
37.Kh2 Qf6 38.Kg1 Qf2+ 39.Kh2 Qf6 40.a4 Re6 41.Qxf6+ Kxf6 42.Bxd5 Nxd5 43.Rxf7+ Ke5
44.Rf3 Ke4 45.a5 Nxe3 46.Rb7 Nf5 47.Rb4+ Kd5 48.Rb6 Re2 49.Rxg6 Nd4 50.Rd3 Ke4
51.Rxd4+ Kxd4 52.Rxh6 Ra2 53.a6 Ke4 54.Rb6 Kd4 55.h4 Kc5 56.Rg6 Kd5 57.h5 Ke5
58.Kh3 Kf5 59.g4+ Kf4 60.h6 Ra1 61.g5 Rh1+ 62.Kg2 Rd1 63.a7 Rd2+ 64.Kf1 Kf3
65.Rf6+ Kg3 66.a8=Q  1-0

[Event "FSGM April"]
[Site "Budapest HUN"]
[Date "2001.04.07"]
[Round "1"]
[White "Fogarasi,T"]
[Black "Almasi,I"]
[Result "1/2-1/2"]
[WhiteElo "2446"]
[BlackElo "2424"]

1.d4 Nf6 2.c4 g6 3.Nc3 Bg7 4.e4 d6 5.Be2 O-O 6.Nf3 e5 7.O-O Nc6 8.d5 Ne7
9.b4 Nh5 10.Re1 a5 11.bxa5 Rxa5 12.a4 f5 13.Ra3 f4 14.Nd2 Nf6 15.Nb3 Ra8
16.c5 g5 17.cxd6 cxd6 18.a5 g4 19.Bf1 g3 20.fxg3 fxg3 21.hxg3 Ng4  1/2-1/2